Role of dealers, packers and remillers in the 1980s (Record no. 67166)

MARC details
000 -LEADER
fixed length control field 00361nam a2200109Ia 4500
100 ## - MAIN ENTRY--AUTHOR NAME
Personal name Chim L B
245 #0 - TITLE STATEMENT
Title Role of dealers, packers and remillers in the 1980s
260 ## - PUBLICATION, DISTRIBUTION, ETC. (IMPRINT)
Name of publisher Proceedings of the International Rubber Marketing Conference, 1983, Kuala Lumpur, Malaysia, p174-196
700 ## - ADDED ENTRY--PERSONAL NAME
Personal name Eng L K
942 ## - ADDED ENTRY ELEMENTS (KOHA)
Koha item type Journals
Holdings
Withdrawn status Lost status Damaged status Not for loan Home library Current library Shelving location Date acquired Koha item type
      Journals RRII Library RRII Library Rubber general 17/12/2021 Journals